| 000 | 00642nam a22002057a 4500 | ||
|---|---|---|---|
| 003 | OSt | ||
| 005 | 20150302155700.0 | ||
| 008 | 150302b xxu||||| |||| 00| 0 eng d | ||
| 020 | _a0443052956 | ||
| 040 | _cDNLM | ||
| 082 | _aWK 850 D541j 1996 | ||
| 245 |
_aDiabetes: _bCaring for patients in the community / _cEdited by R. S. McDowell, Derek Gordorn. |
||
| 260 |
_aLondon : _bChurchill Livingstone; _c1996. |
||
| 300 |
_ax, 273 p : _bill ; _c25 cm. |
||
| 504 | _aIncludes bibliographical references and index. | ||
| 650 |
_aDiabetes _92432 |
||
| 700 |
_4Editor _aMcDowell Joan R S _93071 |
||
| 700 |
_aGordon Derek _93072 |
||
| 942 |
_2z _cSLOAN |
||
| 999 |
_c1126 _d1126 |
||